| 000 | 01237cad a22002295a 4500 | ||
|---|---|---|---|
| 001 | L140102 | ||
| 008 | 070904e20070531xxkao f 000 0 eng d | ||
| 035 | _a(Sirsi) u140102 | ||
| 041 | 0 | _aeng | |
| 050 | 0 | 4 | _a526.982 $2 18 |
| 100 | 1 | _aBarber, David | |
| 245 | 0 | 0 |
_aRapid mapping techniques in coastal environments _bmonitoring the coastline _h[electronic resource] |
| 260 |
_aLondon _bRICS _c2007 |
||
| 490 | 0 |
_aRICS Findings in Built and Rural Environments _vMay 2007 |
|
| 520 | _aReports on tests of a new land-based mobile mapping system (MMS). Tests focused on a 7km stretch of coastline at Filey Bay, North Yorkshire. Land-based systems used to be commonplace for monitoring changes to the coastline, but have largely been replaced by Airborne Laser Scanning (ALS). It was found that while the MMS was unable to present the overall picture afforded by ALS, it nevertheless was able to provide data which complemented scanning done by ALS. | ||
| 590 | _aKA | ||
| 651 | 4 |
_aUnited Kingdom _y |
|
| 690 | _aENVIRONMENTAL AND LAND CONSULTANCY-GEOMATICS-MAPPING AND POSITIONING | ||
| 700 | 1 | _aMills, Jon | |
| 856 | 4 | 0 |
_uhttps://www.rics.org/site/scripts/download_info.aspx?downloadID=3150 _zBroken link - not available |
| 942 | _n0 | ||
| 999 |
_c107420 _d107420 |
||